1860 1416 1402 1549 1258 1622 1517 1654 1664 1909 1136 1740 1171 1751 1242 1337 1309 1480 1613 1907 1877 1619 1612 1300 1015 1046 1981 1606 1706 1343 1615 1050 1434 1635 1558 1918 1071 1829 1810 1959 1338 1976 1792 1471 1940 1445 1494 1478 1025 1974 1656 1018 1427 1410 1977 1060 1373 1633 1618 1663 1917 1111 1604 1337 1704 1213 1201 1085 1079 1865 1864 1369 1962 1403 1105 1137 1173 1432 1840 1405 1080 1902 1851 1911 1483 1986 1701 1585 1357 1242 1052 1484 1629 1001 1686 1010 1025 1048 1900 BCNSPRNW ULIB Ver.6.0+V

เปลี่ยนเป็นภาษาไทย

Change to English
 แสดงรายละเอียดบรรณานุกรม
  กลับหน้าหลัก

Brief Record : Get Marc (ISO 2709) : E-mail record : QR code < ปิดหน้าต่าง
LEADER : 00000nam 2200000uu 4500
001    13399128061
003     ULIB
008    220204s2563||||th 000 0 tha d
020    ^a9786164980198
050    ^a^bนว.^bต-ต
100    ^aติกาหลัง
245    ^aตุลยธรอ้อนรัก
250    ^aพิมพ์ครั้งที่ 1
260    ^aกรุงเทพฯ :^bแสนรัก,^c2563
300    ^a344 หน้า;^b21 ซม.
650    ^aนวนิยาย
945    ^p307^l0^i29206
999    ^aกัณชพร จุลอักษร
รายการนี้ยังไม่มีแท็ก
คุณยังไม่ได้ล็อกอิน คุณสามารถมีกิจกรรมร่วมกับเว็บไซต์ได้ แต่ต้องล็อกอินก่อน ::
  ล็อกอิน

รายการสื่อสารสนเทศ

ลำดับที่ ประเภท เลขเรียก/บาร์โค้ด สถานที่ สถานะ
1. วิทยาศาสตร์การแพทย์ และสุขภาพ
วิทยาศาสตร์การแพทย์ และสุขภาพ
นว. ต-ต ฉ.1 
  Barcode: 29206
ห้องสมุดวิทยาเขตนครสวรรค์
►นวนิยาย:l:Fiction
บนชั้น

รายการใกล้เคียง
    ชื่อเรื่อง [ตุลยธรอ้อนรัก]

    ผู้แต่ง [ติกาหลัง]

    หัวเรื่อง [นวนิยาย]

BibComment


ยังไม่เคยถูกคอมเมนท์

คอมเมนท์ทรัพยากรรายการนี้
  คอมเมนท์: ตุลยธรอ้อนรัก


 Copyright 2026. Bcnsprnw @Library